| 000 | 00684nam a2200229 a 4500 | ||
|---|---|---|---|
| 001 | BRCA_8218 | ||
| 005 | 20190320210200.0 | ||
| 008 | 190514s1881----u--d###f##---#001-0#eng-# | ||
| 041 | _aeng | ||
| 044 | _au | ||
| 050 | 4 |
_aHG1628 _b.R63 _c1881 |
|
| 100 | 1 |
_aRobinson, J. Watts _920487 |
|
| 245 | 1 | 0 |
_aRobinsonian universal interest tables & co. _cJ. Watts Robinson |
| 260 |
_aMassachussetts _bJ. W. Robinson _cc1881 |
||
| 300 |
_a1 v. _bil., tablas _c37 cm. |
||
| 500 | _aU125 | ||
| 650 | 1 | 4 |
_aFinanzas bursátiles _zEstados Unidos _920488 |
| 650 | 1 | 4 |
_aBanca y finanzas _zEstados Unidos _920489 |
| 650 | 1 | 4 |
_aTasas de interés _zEstados Unidos _920490 |
| 902 | _aGFM | ||
| 942 |
_2lcc _cB |
||
| 999 |
_c7886 _d7886 |
||